| 000 | 00508 a2200157 4500 | ||
|---|---|---|---|
| 999 |
_c3791 _d3791 |
||
| 020 | _a0273632779 | ||
| 050 | _aLB 3012.4 ROG 1991 | ||
| 100 |
_aRogers Bill _eauthor |
||
| 245 |
_aYou Know The Fair Rule : _bStrategies for making the hard job of discipline and behaviour management in school easier / _cBill Rogers |
||
| 264 |
_aNew York: _bPrentice Hall, _cc 1990 |
||
| 300 | _a365p. : | ||
| 500 | _aincludes index | ||
| 650 | _aDiscipline | ||
| 650 | _aconflict resolution | ||
| 942 |
_2lcc _cBK _h3012.4 _iROG _kLB |
||